|
|
|
|
| LEADER |
01480nam a22003252a 4500 |
| 001 |
000040916 |
| 003 |
CZ BrMZK |
| 005 |
20071105110708.0 |
| 007 |
ta |
| 008 |
010907s1987 xr f cze d |
| 040 |
|
|
|a BOA001
|b cze
|
| 080 |
9 |
|
|a 631.524.5(076.5)
|
| 080 |
9 |
|
|a 581.4(076.5)
|
| 100 |
1 |
|
|a Procházka, Stanislav,
|d 1940 listopad 25.-
|7 jo20000080616
|4 aut
|
| 245 |
1 |
0 |
|a Zemědělská botanika :
|b návody do cvičení /
|c Stanislav Procházka, František Kühn
|
| 250 |
|
|
|a 2. nezm. vyd.
|
| 260 |
|
|
|a Brno :
|b Vysoká škola zemědělská,
|c 1987
|
| 300 |
|
|
|a 165 s., příl.
|
| 504 |
|
|
|a Obsahuje bibliografii
|
| 700 |
1 |
|
|a Kühn, František,
|d 1931-1995
|7 jk01070693
|4 aut
|
| 910 |
|
|
|a BOA001
|b PK-N-0026.085
|b 4-0921.056
|
| 920 |
|
|
|a 000145804
|
| 964 |
|
|
|a Botanika zemědělská - praktika - školy vysoké
|
| 990 |
|
|
|a BK
|
| 996 |
7 |
|
|b 2619929553
|c 4-0921.056
|l MZK
|r Sklad / do 1 hodiny
|n 16
|w 000040916
|u 000050
|a 1
|e BOA001
|j MZK50
|s A
|
| 996 |
6 |
|
|b 2619929554
|c 4-0921.056
|l MZK
|r Sklad / do 1 hodiny
|n 0
|w 000040916
|u 000060
|a 1
|e BOA001
|j MZK50
|s P
|
| 996 |
7 |
|
|b 2619940246
|c 4-0921.056
|l MZK
|r Sklad / do 1 hodiny
|n 9
|w 000040916
|u 000040
|a 1
|e BOA001
|j MZK50
|s A
|
| 996 |
7 |
|
|b 2619950262
|c 4-0921.056
|l MZK
|r Sklad / do 1 hodiny
|n 10
|w 000040916
|u 000030
|a 1
|e BOA001
|j MZK50
|s A
|
| 996 |
7 |
|
|b 2619956679
|c 4-0921.056
|l MZK
|r Sklad / do 1 hodiny
|n 13
|w 000040916
|u 000020
|a 1
|e BOA001
|j MZK50
|s A
|
| 996 |
7 |
|
|b 3119989176
|c PK-N-0026.085
|l MZK
|r Sklad / do 1 hodiny
|n 13
|w 000040916
|u 000010
|a 1
|e BOA001
|j MZK50
|s A
|